FIFA World Cup top 4 and host country - Statistics

General Stats
  • This quiz has been taken 447 times
    316 since last reset
  • The average score is 32 of 35
Answer Stats
Answer % Correct
Argentina
100%
France
100%
Germany
100%
Spain
100%
Brazil
99%
Italy
99%
United States
99%
Japan
98%
Mexico
98%
Russia
98%
Uruguay
98%
Croatia
97%
England
97%
Netherlands
97%
Portugal
97%
South Korea
97%
South Africa
96%
Canada
95%
Qatar
95%
Belgium
93%
Morocco
93%
Sweden
93%
Chile
92%
Saudi Arabia
88%
Hungary
87%
Switzerland
87%
West Germany
86%
Turkey
85%
Paraguay
83%
Soviet Union
83%
Yugoslavia
83%
Austria
82%
Czechoslovakia
82%
Poland
82%
Bulgaria
74%
No matching quizzes found
Score Distribution
Percent of People with Each Score
Percentile by Number Answered
Your Score History
You have not taken this quiz since the last reset